Κωνσταντίνος Βολανάκης 1837-1907 : ο ποιητής της θάλασσας = Constantinos Volanakis 1837-1907 : poet of the sea
Αποθηκεύτηκε σε:
| Άλλοι συγγραφείς: | |
|---|---|
| Μορφή: | Βιβλίο |
| Γλώσσα: | Greek |
| Δημοσίευση: |
Αθήνα :
Ναυτικό Μουσείο της Ελλάδας, Ίδρυμα Αικατερίνης Λασκαρίδη,
2009
|
| Θέματα: | |
| Ετικέτες: |
Προσθήκη ετικέτας
Δεν υπάρχουν, Καταχωρήστε ετικέτα πρώτοι!
|
MARC
| LEADER | 00000cam a2200000 i 4500 | ||
|---|---|---|---|
| 001 | 1/20592 | ||
| 008 | 120614s2009 gre d | ||
| 020 | |a 978-960-88535-5-3 | ||
| 035 | |l 10112732 | ||
| 040 | |a GR-MY-UA |b gre |e aacr | ||
| 041 | 0 | |a gre | |
| 082 | 0 | |a 759.9495 |2 (22) | |
| 245 | 1 | 0 | |a Κωνσταντίνος Βολανάκης 1837-1907 : |b ο ποιητής της θάλασσας = Constantinos Volanakis 1837-1907 : poet of the sea / |c επιμέλεια Μαριλένα Ζ. Κασιμάτη |
| 260 | |a Αθήνα : |b Ναυτικό Μουσείο της Ελλάδας, |b Ίδρυμα Αικατερίνης Λασκαρίδη, |c 2009 | ||
| 300 | |a 190 σ.; |b εικ.; |c 28 εκ. | ||
| 500 | |a 7 Οκτωβρίου 2009 - 17 Ιανουαρίου 2010 | ||
| 504 | |a Βιβλιογραφία: σ.189 | ||
| 650 | 0 | 0 | |a Painting, Greek. |
| 650 | 0 | 0 | |a Painters |z Greece |x Biography. |
| 700 | 1 | |a Κασιμάτη, Μαριλένα Ζ. |4 edt | |
| 852 | |a INST |b CHIOS |e 20120614 |h 759.9495 ΚΩΝ |p 005200032812 |q 005200032812 |t BK |y 0 | ||
| 901 | |a BIBL2-2012-2 | ||
| 909 | |a Χ |b 169241 | ||
| 970 | |a ΣΠΕΝΤΖΑ |b ΕΛΕΝΗ |z 2012/06/14 | ||